Analysis and investigation of clues in cases of doubtful/motivated allegations/implication of rape (Record no. 513525)

000 -LEADER
fixed length control field 00466nam a22001457a 4500
008 - FIXED-LENGTH DATA ELEMENTS--GENERAL INFORMATION
fixed length control field 200305b ||||| |||| 00| 0 eng d
100 ## - MAIN ENTRY--PERSONAL NAME
Personal name Dutta, A.
245 ## - TITLE STATEMENT
Title Analysis and investigation of clues in cases of doubtful/motivated allegations/implication of rape
260 ## - PUBLICATION, DISTRIBUTION, ETC. (IMPRINT)
Name of publisher, distributor, etc Indian Police Journal
300 ## - PHYSICAL DESCRIPTION
Extent 66(4), Oct-Dec, 2019: p.107-150.
700 ## - ADDED ENTRY--PERSONAL NAME
Personal name Arora, R.C.
9 (RLIN) 16540
773 ## - HOST ITEM ENTRY
Main entry heading Indian Police Journal
906 ## - LOCAL DATA ELEMENT F, LDF (RLIN)
Subject DIP Sexual abuse
942 ## - ADDED ENTRY ELEMENTS (KOHA)
Item type Articles
Holdings
Withdrawn status Lost status Source of classification or shelving scheme Damaged status Not for loan Permanent location Current location Date acquired Serial Enumeration / chronology Barcode Date last seen Koha item type
          Indian Institute of Public Administration Indian Institute of Public Administration 2020-03-05 66(4), Oct-Dec, 2019: p.107-150. AR122685 2020-03-05 Articles

Powered by Koha